00649nam a2200229 a 4500001001300000003000900013005001700022008004100039020002300080082001300103100001700116245002400133260004000157300000900197500003500206650001500241700001700256902000800273942000700281952011400288999001700402nice12345678IN_TiNIC20260116014126.0100217s2007 newa grp 000 0 eng  a9788125022367c20000a150bHIL aHill, Philip aLacan for Beginners aNew Delhi bOrient Blackswan c2007 a169p aincludes index and biblioraphy aPsychology1 aHill, Philip bSRS cBK 001040708StackRoom-aHMIbHMId2010-02-17g200.00l0o150 HILp023180r2010-02-17v200.00w2010-02-17yBK c13990d13990